00910nam a2200181 a 450000100080000000500110000800800410001910000220006024500960008226001200017830000350029849000100033352003260034365000100066965300090067970000230068870000170071115030752025-11-25 2002 bl uuuu u00u1 u #d1 aSANTOS, J. C. dos aDiagnóstico tecnológico e socioeconômico da cafeicultura no Acre.h[electronic resource] aIn: SIMPÓSIO DE PESQUISA DOS CAFÉS DO BRASIL, 2., 2001, Vitória, ES. Anais... Brasília, DF: Embrapa Caféc2002 ap. 2213-2220. v. 1,c1 CD-ROM. vv. 1, aA rápida expansão da cultura do café nos últimos anos e a diversidade no perfil dos produtores, trouxe a necessidade de se caracterizar o estágio atual da cafeicultura estabelecida nos solos acreanos. O objetivo deste estudo foi identificar alguns caracteres do perfil socioeconômico e tecnológico dessa expansão. aCafé aAcre1 aOLIVEIRA, M. A. G.1 aVEIGA, S. A.